000 01034nam a2200313Ia 4500
003 OSt
005 20221007125719.0
006 a|||||r|||| 00| 0
007 ta
008 221006b |||||||| |||| 00| 0 eng d
020 _a9812438696 (pbk)
_cRs.450.00
024 _a76637
037 _b124, 23/02/2007, Dhanraj Book House
_cTextual
040 _aCDL
_cCDL
_beng
041 _2eng
_aeng
082 _aE:3, N8;14-;15 Carc
100 _aSkoog Douglas A
245 0 _aPrinciples of instrumental analysis
_b Holler F James Nieman Timothy A
250 _a5
260 _aAustralia
_bBrooks/Cole
_c1998
300 _axv, 849p.
_ccm.
500 _aAppendix 1-5, A-1-A-42p.; Index I-1-I-24p.
650 _a Instrumental analysis
_9391528
650 _aChemistry
700 _a Holler F James
700 _a Nieman Timothy A
942 _hE:3, N8;14-;15 Carc
_cTEXL
_2CC
999 _c1215746
_d1215746